Pre ČSA je Slovensko trhom ďalších príležitostí

České aerolínie, a.s., ponúkajú ekrem silnej pozície v Bratislave aj najlepšie letecké spojenie zo sveta do niektorých slovenských regiónov. Sú aj najväčším a najdlhšie existujúcim leteckým dopravcom v nových členských krajinách EÚ. Zámery a stratégia ČSA na ďalšie obdobie. Rozhovor s riaditeľom ČSA...

Descrizione completa

Salvato in:
Dettagli Bibliografici
Autore principale: Nagyová, Valéria
Altri autori: Filin, Juraj, Krutý, Peter
Natura: Capitolo di libro
Lingua:slovacco
Soggetti:
Tags: Aggiungi Tag
Nessun Tag, puoi essere il primo ad aggiungerne!!

MARC

LEADER 00000naa$a2200000$$$4500
001 0025739
005 20231006120350.8
041 0 |a slo 
044 |a SK 
245 1 0 |a Pre ČSA je Slovensko trhom ďalších príležitostí  |c Valéria Nagyová, Juraj Filin, Peter Krutý 
520 |a České aerolínie, a.s., ponúkajú ekrem silnej pozície v Bratislave aj najlepšie letecké spojenie zo sveta do niektorých slovenských regiónov. Sú aj najväčším a najdlhšie existujúcim leteckým dopravcom v nových členských krajinách EÚ. Zámery a stratégia ČSA na ďalšie obdobie. Rozhovor s riaditeľom ČSA pre Slovenskú republiku a Rakúsko Petrom Krutým. 
610 2 0 |a doprava letecká 
610 2 0 |a spoločnosti letecké 
610 2 0 |a linky letecké 
610 2 0 |a Slovensko 
100 1 |a Nagyová, Valéria 
700 1 |a Filin, Juraj 
700 1 |a Krutý, Peter